| 000 | 02723nam a22003017a 4500 | ||
|---|---|---|---|
| 003 | OSt | ||
| 005 | 20240513031042.0 | ||
| 008 | 240506b ||||| |||| 00| 0 eng d | ||
| 040 |
_bEnglish. _cCvSU-CCAT Campus Library. _erda. |
||
| 050 |
_aUM QA 76.76 _bCa37 2018 |
||
| 100 |
_aCastanos, Marvin M., author. _911984 |
||
| 245 |
_a"MEDICKO" : a medicine reminder mobile application / _cMarvin M. Castanos, April Rose I. Perez, and Althea Dianne R. Regio. |
||
| 260 |
_aRosario, Cavite : _bCavite State University-CCAT Campus, _c2018. |
||
| 300 |
_axi, 137 leaves : _billustrations ; _c28 cm |
||
| 500 | _aA Capstone Project (BSInfotech) -- Cavite State University-CCAT Campus, 2018. | ||
| 504 | _aIncludes bibliographical references and appendices. | ||
| 520 | _aPEREZ, APRIL ROSE L, CASTAÑOS, MARVIN M. AND REGIO, ALTHEA DIANNE R. "Medicko: A Medicine Reminder Mobile Application. Capstone Project Bachelor of Science in Information Technology Cavite State University-CCAT Campus. Rosario, Cavite. May 2018. Adviser Prof Christopher G. Estonilo. The study was conducted from August 2017 to March 2018 at Cavite State University-CCAT Campus to develop a medicine reminder mobile application called Medicko Specifically, the study aimed to: 1) design the medicine reminder mobile application using android studio development tool, 2) test and evaluate application using modified ISO-EIC 25010 software evaluation instrument; and 3) install the application into mobile phones with android operating system The developers used the object oriented analysis methodology particularly the interactive model to develop the application where the planning phase, analysis phase, and design phase performed continuously to design the initial version of the application The application was evaluated by five (5) IT experts, ten (10) general end-users outside the campus, nineteen students of Bachelor Science Information Technology and one (1) campus nurse. The results of the evaluation application showed a total average of 3.61 which described as very satisfactory for the mobile developer respondents. On the other hand, for the end-users, it gained a total average of 4.41 which also described as very satisfactory descriptive interpretation. | ||
| 546 | _aIn English text. | ||
| 650 |
_aMobile apps. _9257 |
||
| 650 |
_aWeb application. _99098 |
||
| 650 |
_aMedicines. _912709 |
||
| 700 |
_aPerez, April Rose I., author. _911985 |
||
| 700 |
_aRegio, Althea Dianne R., author. _911986 |
||
| 700 |
_aEstonilo, Christopher G., adviser. _911699 |
||
| 700 |
_aRamos, Dann Patrick G., technical critic. _911806 |
||
| 942 |
_2lcc _cT/M/D _kUM _hQA 76.76 Ca37 2018 |
||
| 999 |
_c3282 _d3282 |
||